Материалы для "Сборника распоряжений по Министерству народного просвещения" за 1881 год

Доступно только в Электронных читальных залах Найти на картеНа карте
RUSMARC
00003598nmc2a22002413x 450
00176174165-e240-464a-9ca2-b5219e1b26ec
00520230830181700.0
100##$a20221223l18811881k l0rusy0189 ca
1010#$arus
102##$aRU
105##$ay###
1222#$ad
2001#$aМатериалы для "Сборника распоряжений по Министерству народного просвещения" за 1881 год
$j13 января - 26 ноября 1881 г.
215##$a41 л.
$d34х32 см
251##$cДело
300##$aКопии ведомственных распоряжений
371##$aДокумент не является опубликованным и широко распространяемым
461#0$1001a74412a3-3cc5-4d21-8f0a-dfe2fbd9e72d
$12001
$aДепартамент народного просвещения Министерства народного просвещения (1803-1917)
$1251
$cФонд
$1852
$j733
462#0$1001eee5cd01-9790-469a-9945-6bffddbc7761
$12001
$aРазряд общих дел
$1251
$cОпись
$1852
$j228
801#0$aRU
$bРГИА
$c20221223
$gRCR
801#1$aRU
$bГлавНИВЦ
$c20221223
$2rusmarc
801#2$aRU
$bПБ им. Б.Н. Ельцина
$c20230830
$gRCR
$2rusmarc
850##$aРГИА
852##$aРГИА
$eФедеральное казенное учреждение "Российский государственный исторический архив" (РГИА)
$j131
937##$hРГИА
$d12396360
$aASBIBLIO_SCAN
035##$aRusGRCC00058969
856##$uhttp://readingroom.main.prlib.ru/item.aspx?id_node=n187260633&mode=full
Формат отображения